1880 1955 1721 1443 1273 1147 1572 1889 1193 1554 1744 1316 1063 1152 1539 1741 1329 1977 1936 1925 1687 1964 1685 1624 1790 1939 1010 1188 1815 1836 1431 1773 1272 1810 1168 1417 1807 1112 1232 1370 1914 1556 1563 1999 1084 1733 1411 1274 1253 1892 1820 1276 1689 1117 1125 1943 1796 1964 1243 1738 1797 1842 1975 1893 1201 1650 1093 1646 1314 1703 1250 1479 1145 1405 1405 1715 1613 1411 1673 1816 1087 1895 1392 1964 1304 1146 1312 1601 1067 1846 1148 1676 1116 1348 1390 1664 1630 1659 1099 BCNSPRNW ULIB Ver.6.0+V

เปลี่ยนเป็นภาษาไทย

Change to English
 แสดงรายละเอียดบรรณานุกรม
  กลับหน้าหลัก

Brief Record : Get Marc (ISO 2709) : E-mail record : QR code < ปิดหน้าต่าง
LEADER : 00000nam 2200000uu 4500
001    13399122516
003     ULIB
008    130712s2009||||th 000 0 tha d
020    ^a1405344369 (paperback)
020    ^a9781405344364 (paperback)
060  4 QS4^b183i
100 1  ^aWalker, Richard.
245 10 ^aInside you : ^bhow your body makes it through every day / ^cRichard Walker.
260    ^a[S.l.] : ^bDorling Kindersley Publishers Ltd, ^c2009.
300    ^a72 p. ; ^c30 cm.
520    ^aFrom cabbage burps to chunky vomit, a day in the life of your fantastic body is now in paperback. Introduce your child to Nanocam, he may be smaller than a full stop, but he''s an expert guide to an in-your-body journey they''ll never forget. Let them join him for an edge-of-their-seat ride through arteries, muscles, organs and nerves. Jaw-dropping 3D pictures will show in graphic detail how their body keeps everything ticking, 24 hours a day. Get a close-up look at battles with bugs and germs, a 150kph sneeze, and how clotting agents tackle a knee scrape. If they have the stomach for the CD-ROM, they''ll find out what happens when you pop zits, chuck up dinner or empty your bladder with ten mini-movies showing all the glorious yucky detail. It''s a thrill-a-minute anatomical adventure!
650  0 Human body
856 40 ^a^3 Amazon.com ^uhttp://www.amazon.com/exec/obidos/ASIN/1405344369/chopaconline-20
945    ^p0^l0^i19969
999    ^aเกษร โพธิ์สุวรรณ
รายการนี้ยังไม่มีแท็ก
คุณยังไม่ได้ล็อกอิน คุณสามารถมีกิจกรรมร่วมกับเว็บไซต์ได้ แต่ต้องล็อกอินก่อน ::
  ล็อกอิน

รายการสื่อสารสนเทศ

ลำดับที่ ประเภท เลขเรียก/บาร์โค้ด สถานที่ สถานะ
1. วิทยาศาสตร์การแพทย์ และสุขภาพ
วิทยาศาสตร์การแพทย์ และสุขภาพ
QS4 183i  
  Barcode: 19969
ห้องสมุดวิทยาเขตสวรรค์ประชารักษ์
►หนังสือทั่วไป
บนชั้น

รายการใกล้เคียง
    หัวเรื่อง [Human body]

BibComment


ยังไม่เคยถูกคอมเมนท์

คอมเมนท์ทรัพยากรรายการนี้
  คอมเมนท์: Inside you how..


 Copyright 2026. Bcnsprnw @Library